| 000 | 00749cam a22002414a 4500 | ||
|---|---|---|---|
| 001 | |||
| 003 | DO-SdBNP | ||
| 005 | 20220909122205.0 | ||
| 008 | 060925s2006 xx 000 0 spa | ||
| 020 | _a9780881139532 | ||
| 040 |
_aBPMSU _bspa _cBPMSU _d |
||
| 082 | 4 |
_a301.4208 _bY89c 2006 _222 |
|
| 100 | 1 | _aYrion, Josué. | |
| 245 | 1 | 3 |
_aLa crisis en la familia de hoy / _cJosué Yrion. |
| 260 |
_aMéxico : _bGrupo Nelson, _c2006. |
||
| 300 |
_a320 p. ; _c21 cm. |
||
| 590 | _6Inventariado, 2022/VM | ||
| 650 | 4 |
_aFamilia. _x Aspectos religiosos _x |
|
| 650 | 4 |
_aEducación para la vida familiar. _z |
|
| 856 | 4 | 2 |
_3Publisher description _uhttp://www.loc.gov/catdir/enhancements/fy0704/2006281471-d.html |
| 910 | _aVMateo V./Validado | ||
| 942 |
_2ddc _cBK |
||
| 999 |
_c14257 _d14257 |
||